PPG Leaders 2024-2025 NBA Season - Statistics

General Stats
  • This quiz has been taken 24 times
  • The average score is 27 of 30
Answer Stats
Rank / PPG / Team Player % Correct
#4 / 27.6 / Timberwolves Anthony Edwards
100%
#7 / 26.1 / Pistons Cade Cunningham
100%
#9 / 25.6 / Suns Devin Booker
100%
#2 / 30.4 / Bucks Giannis Antetokounmpo
100%
#20 / 22.8 / Clippers James Harden
100%
#5 / 26.8 / Celtics Jayson Tatum
100%
T-12/ 24.4 / Lakers LeBron James
100%
#3 / 29.6 / Nuggets Nikola Jokic
100%
#1 / 32.7 / Thunder Shai-Gilgeous Alexander
100%
#11 / 24.5 / Warriors Stephen Curry | Wardell Curry
100%
T-14 / 24.2 / Hawks Trae Young
100%
#18 / 23.5 / Spurs De'Aaron Fox
95%
#16 / 24.0 / Cavaliers Donovan Mitchell
95%
T-14 / 24.2 / Magic Franz Wagner
95%
#8 / 26.0 / Knicks Jalen Brunson
95%
T-21/ 22.2 / Celtics Jaylen Brown
95%
T-12 / 24.4 / Knicks Karl-Anthony Towns
95%
#6 / 26.6 / Suns Kevin Durant
95%
#29 / 20.6 / Cavaliers Darius Garland
91%
#25 / 21.6 / Thunder Jalen Williams
91%
#26 / 21.4 / Nuggets Jamal Murray
91%
#17 / 23.9 / Heat Tyler Herro
91%
#10 / 24.9 / Bucks Damian Lillard
86%
T-21/ 22.2 / Grizzlies Jaren Jackson Jr.
86%
T-21/ 22.2 / Kings DeMar DeRozan
82%
#19 / 23.3 / Kings Zach LaVine
82%
#24 / 21.8 / Clippers Norman Powell
64%
#27 / 21.1 / Raptors RJ Barrett
64%
#28 / 21.0 / Rockets Jalen Green
59%
#30 / 20.5 / Wizards Jordan Poole
55%
No matching quizzes found
Score Distribution
Percent of People with Each Score
Percentile by Number Answered
Your Score History
You have not taken this quiz